[Event "Mechanics' Whitehead TNM; 30/90, SD/30"]
[Site "San Francisco"]
[Date "2014.09.02"]
[Round "5.29"]
[White "Sherwood, Peter"]
[Black "Louie, Henry"]
[Result "1-0"]
[WhiteElo "1722"]
[BlackElo "1509"]
[PlyCount "93"]
[EventDate "2014.??.??"]

1. e4 e5 2. Nf3 Nc6 3. Bb5 a6 4. Ba4 Nf6 5. O-O Be7 6. Re1 b5 7. Bb3 O-O 8. c3
d6 9. h3 Re8 10. d4 exd4 11. cxd4 Bf8 12. Bg5 h6 13. Bh4 g5 14. Bg3 Nxe4 15.
Nbd2 Nxg3 16. fxg3 Bg7 17. Rxe8+ Qxe8 18. Nf1 Bf5 19. Rc1 Rc8 20. g4 Bd7 21.
Bc2 Ne7 22. Qd3 Ng6 23. Re1 Qd8 24. Ng3 c5 25. dxc5 Rxc5 26. b4 Rc3 27. Qd1 Nf4
28. Ne4 Qb6+ 29. Kh1 Ra3 30. Bb3 a5 31. bxa5 Rxa5 32. Qxd6 Qxd6 33. Nxd6 Be6
34. Bxe6 Nxe6 35. Ne5 b4 36. Nexf7 Nf4 37. Re8+ Kh7 38. Rb8 Rxa2 39. Rxb4 Rxg2
40. Rxf4 gxf4 41. Kxg2 Kg6 42. Kf3 Bb2 43. Kxf4 Kf6 44. Kf3 Bc1 45. h4 Bd2 46.
Ne4+ Kxf7 47. Nxd2 1-0

[Event "Mechanics' Spring TNM; 30/90, SD/30"]
[Site "San Francisco"]
[Date "2014.04.15"]
[Round "5.6"]
[White "Sherwood, Peter"]
[Black "Manvelyan, Hovik"]
[Result "0-1"]
[WhiteElo "1808"]
[BlackElo "2030"]
[Annotator "Donaldson"]
[PlyCount "28"]
[EventDate "2014.??.??"]

1. e4 c6 2. d4 d5 3. Nc3 dxe4 4. Nxe4 Nf6 5. Nxf6+ gxf6 6. Nf3 Bg4 7. Be3 Qc7
8. Be2 Nd7 9. Qd2 e6 10. O-O-O O-O-O 11. Qc3 $6 {
This is a bit awkward. White has three better moves here.} (11. c4 {
is a typical space gaining move in such positions.}) (11. h3 {
begins an operation to win the bishop pair.} Bh5 12. g4 Bg6 13. Nh4 Bd6) (11.
Kb1 {is a useful move which safeguards the king and avoids checks as well as
protecting the a-pawn. The game continuations looks much more feasible with
the King on b1.} Nb6 12. Qa5 Rd5 13. Qxa7 Bb4 14. Bd2 Ra5 15. Qxa5 Bxa5 16.
Bxa5 Kd7 17. Ne5+ fxe5 18. dxe5+ Ke7 19. Bxg4 Ra8 20. Bb4+ c5 21. Bd2 Nc4 22.
Bg5+ {is better for Black but still very much a game.}) 11... Nb6 12. Qa5 Rd5
$5 13. Qxa7 $6 (13. Qd2 {was safer.}) 13... Bb4 14. Qa4 $4 {
Chess blindness! Instead} (14. Bd2 {was forced although after} Ra5 15. Qxa5
Bxa5 16. Bxa5 Kd7 17. Ne5+ fxe5 18. dxe5+ Ke7 19. Bxg4 Ra8 {
Black is still winning.}) 14... Nxa4 0-1

[Event "Mechanics' Winter TNM; 30/90, SD/30"]
[Site "San Francisco"]
[Date "2014.02.11"]
[Round "6.18"]
[White "Sherwood, Peter"]
[Black "Morgan, Jerry"]
[Result "1-0"]
[WhiteElo "1808"]
[BlackElo "1568"]
[Annotator "Sherwood"]
[PlyCount "61"]
[EventDate "2014.??.??"]

1. e4 Nf6 2. Nc3 e5 3. Nf3 Nc6 4. Bb5 Nd4 5. Ba4 Bb4 6. O-O Nxf3+ 7. Qxf3 O-O
8. d3 c6 9. a3 Bc5 10. Be3 Bb6 11. Bb3 Ba5 12. Rad1 d6 (12... d5 13. Bg5 Bg4 $6
14. Bxf6 Bxf3 15. Bxd8 Bxd1 16. Bxa5 $18) 13. h3 Qe8 14. Bg5 Nd7 15. Qg3 Kh8
16. Be3 Bb6 17. f4 Nc5 18. Ba2 Be6 19. b3 Nd7 $2 20. f5 d5 21. Bxb6 axb6 22.
fxe6 fxe6 23. Rxf8+ Qxf8 24. Rf1 Qc5+ 25. d4 Qxd4+ 26. Kh2 Kg8 27. Rd1 Qc5 28.
b4 Qf8 29. exd5 cxd5 30. Nxd5 Kh8 (30... exd5 31. Bxd5+ Kh8 32. Bxb7 Rd8 33.
Qd3 $18) 31. Nc7 1-0

[Event "Mechanics' Spring TNM; 30/90, SD/30"]
[Site "San Francisco"]
[Date "2014.04.22"]
[Round "6.16"]
[White "Sherwood, Peter"]
[Black "Morgan, Jerry"]
[Result "1-0"]
[WhiteElo "1808"]
[BlackElo "1568"]
[Annotator "Donaldson"]
[PlyCount "93"]
[EventDate "2014.??.??"]

1. e4 c6 2. d4 d5 3. Nc3 dxe4 4. Nxe4 Bf5 5. Ng3 Bg6 6. Nf3 Nd7 7. Bd3 Qc7 8.
Bxg6 hxg6 9. h3 Ngf6 10. c4 e6 11. Ne2 O-O-O (11... Bb4+ 12. Bd2 Bxd2+ 13. Nxd2
O-O-O) 12. Qa4 a6 13. c5 Nd5 (13... e5 $1) 14. Bd2 Qb8 $2 15. Ng5 Nxc5 16. dxc5
Rd7 17. Rc1 Qe5 18. Qd4 Qf6 19. Qxf6 Nxf6 20. Nf3 Rh5 21. b4 Ne4 22. Be3 e5 23.
O-O Rd5 24. Nc3 Nxc3 25. Rxc3 Be7 26. Nd2 f5 27. Nc4 Kc7 28. f3 f4 29. Bc1 Rd4
30. Re1 Bh4 31. Rf1 Kd7 32. Bb2 Ke6 33. Rcc1 Rd5 34. Rfd1 Be7 35. Nb6 Rd8 36.
Rxd8 Bxd8 37. Nc4 Bc7 38. Rd1 Rh8 39. Kf1 Rb8 40. Ke2 b6 41. cxb6 Bxb6 42. Bxe5
Rb7 43. Bxf4 Ba7 44. a3 Rb5 45. Rd6+ Kf5 46. Be3 Bb8 47. g4# 1-0

[Event "Mechanics' SummerTNM; 30/90, SD/30"]
[Site "San Francisco"]
[Date "2014.07.01"]
[Round "6.20"]
[White "Sherwood, Peter"]
[Black "Nagle, Michael"]
[Result "0-1"]
[WhiteElo "1797"]
[BlackElo "1402"]
[PlyCount "106"]
[EventDate "2014.??.??"]

1. e4 e5 2. Nf3 Nc6 3. Bb5 a6 4. Ba4 Nf6 5. O-O Be7 6. Re1 O-O 7. c3 b5 8. Bc2
Bb7 9. d4 d6 10. Nbd2 exd4 11. cxd4 Re8 12. Nf1 d5 13. e5 Nd7 14. Ng3 Nb6 15.
Nf5 Bf8 16. Ng5 f6 17. Nxh7 Ne7 18. Nxe7+ Bxe7 19. e6 Bd6 20. Qh5 Qe7 21. Ng5
g6 22. Qxg6+ Qg7 23. Nh7 Qxg6 24. Bxg6 Re7 25. f4 Rxh7 26. Bxh7+ Kxh7 27. f5
Kg7 28. Bd2 Re8 29. g4 Nc8 30. Rad1 Rh8 31. Re2 Ne7 32. Rf1 Rh4 33. Rg2 c5 34.
Be3 c4 35. Bf4 Bxf4 36. Rxf4 Kf8 37. Rgf2 Rh3 38. R2f3 Rxf3 39. Rxf3 Kg7 40. h4
Bc6 41. Kf2 a5 42. Ke3 b4 43. Kf4 Ba4 44. g5 Bc2 45. Ke3 Nxf5+ 46. Rxf5 Bxf5
47. e7 Bd7 48. Kf4 fxg5+ 49. Kxg5 c3 50. h5 cxb2 51. h6+ Kh7 52. Kf6 b1=Q 53.
Kf7 Qf5# 0-1

[Event "Mechanics' Whitehead TNM; 30/90, SD/30"]
[Site "San Francisco"]
[Date "2014.09.30"]
[Round "9.17"]
[White "Sherwood, Peter"]
[Black "Poler, Sebastian"]
[Result "0-1"]
[WhiteElo "1722"]
[BlackElo "1391"]
[Annotator "Donaldson"]
[PlyCount "94"]
[EventDate "2014.??.??"]

1. e4 c6 2. d4 d5 3. Nc3 dxe4 4. Nxe4 Bf5 5. Ng3 Bg6 6. h4 h6 7. Nf3 Nd7 8. h5
Bh7 9. Bd3 Bxd3 10. Qxd3 e6 11. Bf4 Ngf6 12. O-O-O c5 $6 {Opening the games
when Black is behind in development (i.e. not castled) is not a good idea.
Black normally prefers} (12... Be7) (12... Nd5 {or}) (12... Qa5) 13. Qb5 $6 (
13. Ne4 {is more to the point.}) 13... Qb6 14. Qa4 cxd4 15. Nxd4 Nd5 16. Nf3
O-O-O {Black has solved his opening problems.} 17. Qc4+ $2 (17. Ne5 $11) 17...
Qc5 18. Qxc5+ Bxc5 {Endgames in the 4...Bf5 with h4-h5 Caro-Kann typicably
favor Black, as White's advanced kingside pawns can become weak.} 19. Be5 Nxe5
20. Nxe5 Bxf2 21. Ne4 Be3+ 22. Kb1 Rhf8 (22... f5 $17) 23. Rhf1 $2 (23. c4 {
would have forced Black to find the countershot} Bf4 $1) 23... Bf4 (23... f5 $1
) 24. Nd3 $2 (24. Nxf7 Rxf7 25. g3 $17) 24... Bc7 (24... Ne3 $1 25. Rxf4 (25.
Nxf4 Rxd1+) 25... Nxd1 $19) 25. Rf3 Nf4 26. g4 Nxd3 27. Rfxd3 Rxd3 28. Rxd3 Rd8
(28... f5 $1) 29. Rxd8+ Kxd8 30. Kc1 Ke7 31. Kd2 f5 $1 32. gxf5 exf5 33. Nf2
Kf6 34. Nh3 g5 35. hxg6 Kxg6 36. Ke3 Kh5 37. Kf3 Kg6 38. c4 a5 39. a3 Kf6 (
39... a4 $142) 40. b4 Bd6 41. c5 Be5 42. b5 Ke6 43. Nf4+ Bxf4 44. Kxf4 Kd5 45.
c6 bxc6 46. b6 Kd6 47. Kxf5 c5 0-1

[Event "Mechanics' Whitehead TNM; 30/90, SD/30"]
[Site "San Francisco"]
[Date "2014.08.19"]
[Round "3.32"]
[White "Sherwood, Peter"]
[Black "Sachs-Weintraub, Julian"]
[Result "0-1"]
[WhiteElo "1722"]
[BlackElo "850"]
[PlyCount "110"]
[EventDate "2014.??.??"]

1. e4 e5 2. Nf3 Nc6 3. Bb5 d6 4. d4 Bd7 5. Nc3 exd4 6. Nxd4 a6 7. Nxc6 Bxc6 8.
Bxc6+ bxc6 9. O-O Nf6 10. Re1 Be7 11. Qf3 O-O 12. Bg5 Nd7 13. Bxe7 Qxe7 14. Qg3
Rab8 15. b3 Qf6 16. Rad1 Rfe8 17. Re3 Qe5 18. Qxe5 Nxe5 19. h3 Rbd8 20. Kf1 Re6
21. Re2 f6 22. Red2 Nd7 23. f3 g6 24. Ne2 c5 25. Nf4 Ree8 26. c4 Nb6 27. Nd3 g5
28. Nxc5 Ra8 29. Nd3 a5 30. c5 dxc5 31. Nxc5 Re5 32. Nd7 Nxd7 33. Rxd7 Rc5 34.
Ke2 Rc2+ 35. R1d2 Rxd2+ 36. Kxd2 Ra7 37. Kd3 h5 38. Kd4 $4 (38. Kc4) 38... c5+
39. Kxc5 Rxd7 40. Kb5 Ra7 41. Kb6 Ra8 42. Kb7 Rd8 43. Kb6 Rd2 44. Kxa5 Rxa2+
45. Kb5 Rxg2 46. b4 Rg3 47. Kc6 Rxf3 48. b5 Rc3+ 49. Kb7 Rc4 50. b6 Rxe4 51.
Kc8 f5 52. b7 Re8+ 53. Kd7 Rf8 54. Kc7 f4 55. b8=Q Rxb8 0-1

[Event "Mechanics' Whitehead TNM; 30/90, SD/30"]
[Site "San Francisco"]
[Date "2014.08.12"]
[Round "2.25"]
[White "Sherwood, Peter"]
[Black "Simpkins, Jerry"]
[Result "0-1"]
[WhiteElo "1722"]
[BlackElo "1480"]
[PlyCount "96"]
[EventDate "2014.??.??"]

1. e4 e5 2. Nf3 Nc6 3. Bb5 Bc5 4. O-O Nd4 5. Nxd4 Bxd4 6. d3 c6 7. Ba4 Nf6 8.
c3 Bc5 9. Bg5 h6 10. Be3 Bxe3 11. fxe3 Qb6 12. Qe2 d6 13. Bb3 O-O 14. Nd2 Be6
15. Nc4 Qc7 16. Nd2 d5 17. exd5 cxd5 18. Rac1 Qd6 19. e4 Rad8 20. Rcd1 Bg4 21.
Nf3 dxe4 22. dxe4 Qb6+ 23. Kh1 Rxd1 24. Rxd1 Rd8 25. Rxd8+ Qxd8 26. h3 Bh5 27.
Qd2 Qc7 28. Qe3 Bg6 29. Nd2 a5 30. Bc2 Nh5 31. Kg1 b5 32. Kf2 b4 33. c4 Nf4 34.
b3 Qd6 35. Nf3 Qf6 36. Qc5 Qd8 37. Qxe5 Nd3+ 38. Bxd3 Qxd3 39. Qd4 Qc2+ 40. Qd2
Qxe4 41. Qd8+ Kh7 42. Qxa5 Qc2+ 43. Kg3 Qc3 44. Qa7 Bh5 45. Qf2 Kg8 46. Qe2 f6
47. Kf4 Kf7 48. Qe3 $2 g5+ 0-1

[Event "Mechanics' Whitehead TNM; 30/90, SD/30"]
[Site "San Francisco"]
[Date "2014.09.16"]
[Round "7.22"]
[White "Sherwood, Peter"]
[Black "Starr, Albert"]
[Result "1-0"]
[WhiteElo "1722"]
[BlackElo "1523"]
[Annotator "Donaldson"]
[PlyCount "131"]
[EventDate "2014.??.??"]

1. e4 e5 2. Nf3 Nf6 3. Nxe5 d6 4. Nf3 Nxe4 5. d4 d5 6. Bd3 Bd6 7. c4 Be6 $6 ({
This commits the bishop prematurely. The two main lines are:} 7... c6 8. O-O
O-O 9. Nc3 (9. cxd5 cxd5 10. Nc3 Nxc3 11. bxc3 Bg4) (9. Qc2 Na6 (9... f5 10.
Nc3) 10. a3 Bg4 11. Ne5 Bxe5 12. dxe5 Nac5 13. f3 Nxd3 14. Qxd3 Nc5 15. Qd4 Nb3
16. Qxg4 Nxa1 17. Bh6 g6) 9... Nxc3 10. bxc3 dxc4 11. Bxc4 Bg4) ({and} 7...
Bb4+ 8. Nbd2 O-O 9. O-O Bxd2 10. Bxd2 Bg4) 8. c5 (8. O-O O-O 9. Re1 {or} (9.
Qc2 {are strong alternatives challenging the knight on e4 while keeping the
center fluid.})) 8... Be7 9. O-O O-O 10. Re1 Nf6 $6 ({This retreat is a
concession. When White can induce ...Nf6 in the Petroff, it is usually a sign
that things are going well for him, as he will have picked up a couple of
tempi in development. Better is} 10... b6 $1 {with the point that} 11. cxb6
axb6 12. Bxe4 dxe4 13. Rxe4 Bxa2 14. b3 $4 {can be meant by} Bxb3 $1) 11. Qc2
g6 $2 {Diagram #} (11... h6 12. Bf4 $14) 12. Ng5 $6 (12. Bh6 Re8 13. Rxe6 $1
fxe6 14. Bxg6 $1 {
leaves White with a winning game a pawn up with the better position.}) 12...
Nc6 13. Nxe6 fxe6 14. Be3 Nb4 15. Qc3 Nxd3 16. Qxd3 Ng4 17. Nd2 Nxe3 $2 {
Now White is able to focus on Black's weak e-pawn. The energetic} (17... e5 {
offer Black equal play.}) 18. Qxe3 Rf6 19. Nf3 Qd7 20. Ne5 Qb5 21. Ng4 $1 {
Winning material.} Raf8 22. Nxf6+ Rxf6 23. Re2 b6 24. cxb6 cxb6 (24... axb6 {
preparing ...c5 offers more counterplay.}) 25. Rc1 Bd6 26. g3 Qe8 27. Rec2 Qf7
28. Rc6 Rf3 29. Qe2 Bf8 30. Rxe6 Rxf2 31. Qxf2 (31. Rxg6+ Qxg6 32. Qxf2 {
wins an extra pawn, which would give White the extra option of returning the
exchange in conjunction with a queen trade for a winning king and pawn ending.}
) 31... Qxe6 32. Rc7 Bh6 33. Rc3 Bg7 34. Re3 Qc6 35. Re7 Bf6 36. Rxa7 b5 37.
Ra3 b4 38. Rf3 Bg7 39. Kg2 Qc4 40. Qe3 Qc2+ 41. Rf2 Qc8 42. b3 (42. Re2 {
is simpler as Black cannot avoid the trade of queens.}) (42. a4 {
creating a passed pawn is another road to Rome.}) 42... h5 43. Re2 Qg4 44. Qe6+
Qxe6 45. Rxe6 Kf7 46. Rd6 Bxd4 47. Rxd5 Bc3 48. Kf3 Kf6 49. Ke4 g5 50. Rd3 h4
51. g4 (51. a4 {is faster and}) (51. Rxc3 {wins on the spot.}) 51... Be5 52. h3
Ke6 53. Rf3 Bc3 54. Rxc3 bxc3 55. Kd3 Ke5 56. a4 Kf4 57. a5 Kg3 58. a6 Kxh3 59.
a7 Kxg4 60. a8=Q h3 61. Qh1 Kg3 62. b4 g4 63. b5 Kh4 64. b6 g3 65. b7 g2 66.
Qh2 1-0

[Event "Mechanics' Fall TNM; 30/90, SD/30"]
[Site "San Francisco"]
[Date "2014.11.18"]
[Round "4.14"]
[White "Sherwood, Peter"]
[Black "Wang, Yuan"]
[Result "0-1"]
[WhiteElo "1722"]
[BlackElo "2033"]
[Annotator "Donaldson"]
[PlyCount "96"]
[EventDate "2014.??.??"]

1. e4 c5 2. Nf3 d6 3. d4 cxd4 4. Nxd4 Nf6 5. Nc3 g6 6. Be3 Bg7 7. f3 O-O 8. Qd2
Nc6 9. O-O-O Bd7 {The text is not seen as often as} (9... Nxd4 10. Bxd4 Be6 {or
}) (9... d5 10. exd5 Nxd5 11. Nxc6 bxc6 12. Bd4 {
when the simplication makes it hard for Black to play for a win.}) 10. g4 Rc8
11. h4 Ne5 12. h5 Qa5 (12... Nc4 13. Bxc4 Rxc4 {is not to be recommended as
White is two tempi ahead of the 9.Bc4 variation where he plays Bf1-c4-b3 and
then captures on c4.}) 13. Kb1 (13. Nb3 Qc7 14. Be2 {
playing in the center with Nd5 is an alternative treatment.}) 13... Nxf3 (13...
Rxc3 14. Qxc3 Qxc3 15. bxc3 Nxf3 16. Nxf3 Bxg4 {transposes.}) 14. Nxf3 Rxc3 15.
Qxc3 Qxc3 16. bxc3 Bxg4 17. Be2 $2 (17. h6 {can be played but is double-edged
as the pawn can be exposed on this square in the ending.}) (17. Bg2 {
is the main line which has been tested many times with no clear conclusion.})
17... Nxe4 18. Rd3 Nxc3+ 19. Rxc3 Bxc3 20. Rh2 $6 (20. hxg6 fxg6 {
forces White into the variation} 21. Bc4+ Kh8 22. Ng5 h5 {and now} 23. Bxa7 b6
24. Be6 Bf5 25. Bd5 {when Houdini 4 considers Black to be better but not
winning. It would be difficult for a human being to find this sequence of
moves.}) 20... Bxh5 21. Rxh5 gxh5 22. Bxa7 f5 {
The mass of central pawns are unstoppable.} 23. Ng5 Rf6 24. Bxh5 Rh6 25. Bf3 e5
26. Bd5+ Kg7 27. a3 e4 28. Be3 Rh5 29. Ne6+ Kf6 30. Nf4 Rh1+ 31. Ka2 Re1 32.
Bxb7 Ke5 (32... Be5 $1 {followed by attacking the knight on f4 with the rook
will soon have the pawns running.}) 33. Nd5 Rxe3 34. Nxe3 h5 {Houdini 4 evaluat
es this position as better but not winning for Black, but in a practical game
White's position is very difficult to play. Black just pushes his pawns and
White has to find precise moves to hang on.} 35. Nc4+ Ke6 $4 (35... Kf4 $1 {
the king needs to support the pawns.}) 36. Bc8+ Kd5 37. Ne3+ Ke5 38. Nxf5 (38.
Kb3 $1 Bd4 39. Nxf5 {picks up a very useful tempo.}) 38... d5 $2 (38... Kf4 39.
Kb3 (39. Nxd6 e3) 39... Bf6 40. Kc4 d5+ 41. Kxd5 h4 {forces} 42. Nxh4 {
with an immediate draw.}) 39. Kb3 Bd4 40. c3 Ba7 41. Ne7 (41. a4 $1 {advances t
he potential game winner while the knight watches Black's passed pawns.}) 41...
e3 42. Kc2 $1 {
If White blockades Black's e-pawn with his king the game will be over.} Ke4 43.
Kd1 $1 Kf3 44. Ba6 $1 {White continues to find all the right moves.} h4 45.
Be2+ $2 (45. Ke1 $1 {and White is winning.}) 45... Kf2 46. Nxd5 h3 47. Nf4 $4 (
47. Nf6 h2 48. Ng4+ Kg3 49. Nxh2 Kxh2 {draw.}) 47... h2 48. Nd3+ Kg3 0-1

[Event "Mechanics' SummerTNM; 30/90, SD/30"]
[Site "San Francisco"]
[Date "2014.07.01"]
[Round "6.12"]
[White "Shnaiderman, Lazar"]
[Black "Poling, Scott"]
[Result "0-1"]
[WhiteElo "1870"]
[BlackElo "1683"]
[PlyCount "68"]
[EventDate "2014.??.??"]

1. d4 d5 2. c4 c6 3. Nf3 Nf6 4. Nc3 dxc4 5. a4 Bf5 6. e3 e6 7. Bxc4 Bb4 8. O-O
h6 9. Ne5 Nbd7 10. Nxd7 Qxd7 11. Qe2 Bg6 12. Rd1 O-O 13. Bd2 a5 14. Be1 Qe7 15.
Rac1 Rfd8 16. f3 Rd7 17. Bh4 Bh7 18. Bxf6 Qxf6 19. Ne4 Qe7 20. Nf2 Rad8 21. Bd3
e5 22. Bxh7+ Kxh7 23. dxe5 Qxe5 24. Rxd7 Rxd7 25. Nd3 Qe7 26. e4 Bd6 27. e5 Bb4
28. Qe4+ Kg8 29. Nxb4 axb4 30. Rc2 b3 31. Re2 Qc5+ 32. Qe3 Qb4 33. e6 $4 Rd1+
34. Kf2 Qh4+ 0-1

[Event "Mechanics' SummerTNM; 30/90, SD/30"]
[Site "San Francisco"]
[Date "2014.06.10"]
[Round "3.7"]
[White "Shnaiderman, Lazar"]
[Black "Shaknazarov, Oleg"]
[Result "0-1"]
[WhiteElo "1870"]
[BlackElo "2193"]
[PlyCount "66"]
[EventDate "2014.??.??"]

1. d4 Nf6 2. c4 e6 3. Nf3 d5 4. g3 dxc4 5. Bg2 c6 6. Ne5 Bb4+ 7. Nc3 Nd5 8. Bd2
b5 9. e4 Nb6 10. Be3 Na4 11. Qc2 f6 12. Nf3 O-O 13. O-O Nb6 14. Rfd1 Bb7 15. d5
cxd5 16. Nxb5 Qd7 17. Nc3 Qf7 18. exd5 exd5 19. Nd4 N8d7 20. Bh3 Rfe8 21. Ncb5
Ne5 22. a3 Bf8 23. Bg2 a6 24. Nc3 Ng4 25. Nf5 Nxe3 26. Nxe3 Rad8 27. Nf5 Bc5
28. Nd4 Nd7 29. b3 Ne5 30. b4 Ba7 31. b5 Nd3 32. Rxd3 cxd3 33. Qxd3 axb5 0-1

[Event "Mechanics' SummerTNM; 30/90, SD/30"]
[Site "San Francisco"]
[Date "2014.07.08"]
[Round "7.5"]
[White "Shnaiderman, Lazar"]
[Black "Vickers, Keith"]
[Result "0-1"]
[WhiteElo "1870"]
[BlackElo "2200"]
[PlyCount "20"]
[EventDate "2014.??.??"]

1. d4 d5 2. Nf3 Nf6 3. c4 c6 4. Qc2 dxc4 5. Qxc4 Bf5 6. Nc3 e6 7. g3 Nbd7 8.
Bg2 Be7 9. O-O h6 10. Rd1 $4 {Diagram #} Bc2 {
threatening the rook and ...Nb6 winning the queen.} 0-1

[Event "Mechanics' Winter TNM; 30/90, SD/30"]
[Site "San Francisco"]
[Date "2014.01.14"]
[Round "2.20"]
[White "Shniaderman, Lazar"]
[Black "Ross, David"]
[Result "1-0"]
[WhiteElo "1901"]
[BlackElo "1102"]
[PlyCount "31"]
[EventDate "2014.??.??"]

1. d4 Nf6 2. c4 g6 3. Nc3 Bg7 4. e4 d6 5. Be2 O-O 6. Bg5 c5 7. d5 Na6 8. Qd2
Re8 9. Nf3 Nc7 10. O-O e6 11. Rfe1 Bd7 12. dxe6 Rxe6 13. Rad1 Bc6 14. e5 Ne4
15. Nxe4 Qd7 16. Nf6+ 1-0

[Event "Mechanics' Whitehead TNM; 30/90, SD/30"]
[Site "San Francisco"]
[Date "2014.09.30"]
[Round "9.14"]
[White "Simpkins, Jerry"]
[Black "Askin, David"]
[Result "0-1"]
[WhiteElo "1480"]
[BlackElo "2007"]
[PlyCount "50"]
[EventDate "2014.??.??"]

1. e4 c5 2. f4 d5 3. e5 Bf5 4. c3 e6 5. d4 Nc6 6. Bd3 Bxd3 7. Qxd3 cxd4 8. cxd4
Qb6 9. Nf3 Nh6 10. Nc3 Nf5 11. Ne2 Nb4 12. Qd1 Rc8 13. Nc3 Nc6 14. Ne2 Bb4+ 15.
Kf2 O-O 16. a3 Be7 17. g4 Nh6 18. h3 f6 19. f5 fxe5 20. Bxh6 gxh6 21. Kg3 e4
22. Ne5 Bd6 23. fxe6 Nxe5 24. dxe5 Bxe5+ 25. Kg2 Qf2# 0-1

[Event "Mechanics' SummerTNM; 30/90, SD/30"]
[Site "San Francisco"]
[Date "2014.06.24"]
[Round "5.22"]
[White "Simpkins, Jerry"]
[Black "Campers, Willie"]
[Result "0-1"]
[WhiteElo "1478"]
[BlackElo "1614"]
[PlyCount "82"]
[EventDate "2014.??.??"]

1. e4 c5 2. f4 d6 3. c3 Nf6 4. e5 dxe5 5. fxe5 Nd5 6. d4 cxd4 7. cxd4 Nc6 8.
Nf3 Bg4 9. Bc4 e6 10. Nc3 Bb4 11. O-O Nxc3 12. bxc3 Bxc3 13. Rb1 Bxd4+ 14. Kh1
O-O 15. Ba3 Re8 16. Bd6 Bxe5 17. Bxe5 Bxf3 18. Qxf3 Nxe5 19. Qf4 Nxc4 20. Qxf7+
Kh8 21. Rxb7 Qg5 22. Rxa7 Rad8 23. Rd7 Ne5 24. Rxd8 Qxd8 25. Qf4 Ng6 26. Qc4
Qd5 27. Qa4 Rd8 28. h4 e5 29. h5 Nf4 30. Rf3 Nxh5 31. Qh4 Nf6 32. Rxf6 gxf6 33.
Qxf6+ Kg8 34. Qg5+ Kf7 35. Qf5+ Ke7 36. Qxh7+ Kd6 37. Qg6+ Kc7 38. Qc2+ Qc6 39.
Qh7+ Rd7 40. Qh8 Qc1+ 41. Kh2 Qf4+ 0-1

[Event "Mechanics' Whitehead TNM; 30/90, SD/30"]
[Site "San Francisco"]
[Date "2014.08.26"]
[Round "4.26"]
[White "Simpkins, Jerry"]
[Black "Casares, Nick"]
[Result "0-1"]
[WhiteElo "1480"]
[BlackElo "1600"]
[PlyCount "78"]
[EventDate "2014.??.??"]

1. e4 e5 2. d4 exd4 3. e5 d5 4. Qxd4 c5 5. Bb5+ Nc6 6. Qd1 Qa5+ 7. Nc3 d4 8.
Qf3 Bd7 9. Bc4 O-O-O 10. Bf4 dxc3 11. bxc3 Be6 12. Bxe6+ fxe6 13. Ne2 Nge7 14.
Qg4 Nf5 {scoresheets unreadable at this point ...0-1} 15. O-O h5 16. Qf3 Be7
17. Rab1 g5 18. Bc1 Qc7 19. c4 Nxe5 20. Qb3 Ng4 21. g3 h4 22. f4 hxg3 23. hxg3
Rh2 24. Qf3 Rdh8 25. Qxg4 Qc6 26. Qf3 Qxf3 27. Rxf3 Rxe2 28. Rfb3 Nxg3 29. Rxg3
gxf4 30. Bxf4 Rxc2 31. Be5 Rd8 32. Rg4 Rd7 33. Rg7 Bd6 34. Bxd6 Rxd6 35. Rgxb7
Ra6 36. Re7 Rcxa2 37. Rf1 Ra1 38. Rxa1 Rxa1+ 39. Kf2 Ra3 0-1

[Event "Mechanics' Fall TNM; 30/90, SD/30"]
[Site "San Francisco"]
[Date "2014.11.25"]
[Round "5.33"]
[White "Simpkins, Jerry"]
[Black "Donnelly, Patrick Thomas"]
[Result "0-1"]
[WhiteElo "1500"]
[BlackElo "1659"]
[Annotator "Donaldson"]
[PlyCount "48"]
[EventDate "2014.??.??"]

1. e4 c5 2. f4 d6 3. c3 Nf6 4. e5 dxe5 5. fxe5 Nfd7 6. Nf3 e6 7. d4 cxd4 8.
cxd4 Be7 9. Nc3 a6 10. Bd3 Nc6 11. O-O Qb6 12. Bc2 Ndxe5 13. Na4 Nxf3+ 14. Qxf3
Qxd4+ 15. Be3 Qf6 16. Qh5 Qe5 17. Qf3 f5 18. Nb6 Nd4 $2 (18... Rb8) 19. Ba4+ $1
Kf7 20. Qf2 Bc5 21. Nxa8 b5 22. Bd1 $2 (22. Rfe1 Bb7 23. Rad1 $18) 22... Bb7
23. Rc1 $2 {Diagram #} Nf3+ $2 (23... Ne2+ $1 24. Qxe2 Qxe3+ 25. Qxe3 Bxe3+ 26.
Kh1 Bxc1 $19) 24. Kh1 $4 (24. Bxf3 Bxe3 25. Bxb7 Bxf2+ 26. Rxf2 $15) 24...
Qxh2# 0-1

[Event "Mechanics' Winter TNM; 30/90, SD/30"]
[Site "San Francisco"]
[Date "2014.01.07"]
[Round "1.4"]
[White "Simpkins, Jerry"]
[Black "Gaffagan, Steven"]
[Result "0-1"]
[WhiteElo "1551"]
[BlackElo "2068"]
[PlyCount "64"]
[EventDate "2014.??.??"]

1. e4 c5 2. f4 d5 3. e5 Nc6 4. c3 d4 5. d3 e6 6. Nf3 Nge7 7. Nbd2 Nf5 8. Ne4
Be7 9. g3 O-O 10. Bg2 Qb6 11. O-O c4 12. Kh1 Rd8 13. dxc4 dxc3 14. Qc2 cxb2 15.
Qxb2 Qxb2 16. Bxb2 Ne3 17. Rf2 Nxc4 18. Rb1 b6 19. Rc2 N6a5 20. Nfg5 Rb8 21.
Ba1 h6 22. Nf3 Bb7 23. Nd4 Ne3 24. Rc7 Nxg2 25. Rxb7 Rxb7 26. Kxg2 Rc7 27. Nb5
Rc2+ 28. Kh3 Rd7 29. Nbd6 Bxd6 30. exd6 f5 31. Nf6+ gxf6 32. Bxf6 Rxd6 0-1

[Event "Mechanics' Spring TNM; 30/90, SD/30"]
[Site "San Francisco"]
[Date "2014.03.25"]
[Round "2.28"]
[White "Simpkins, Jerry"]
[Black "Gomboluudev, Enkhjin"]
[Result "0-1"]
[WhiteElo "1551"]
[BlackElo "1265"]
[Annotator "Donaldson"]
[PlyCount "50"]
[EventDate "2014.??.??"]

1. e4 e5 2. Nf3 Nc6 3. Bc4 Bc5 4. Bd5 d6 5. c3 Qf6 6. Bxc6+ bxc6 7. d4 exd4 8.
Bg5 Qe6 9. O-O Nf6 10. Bxf6 Qxf6 11. cxd4 Bb6 12. e5 dxe5 13. Nxe5 O-O 14. Nc3
Rd8 15. Qa4 Bb7 (15... Rxd4 16. Qxc6) 16. Ne4 $2 (16. Nf3 Qe6 17. Rad1 Bxd4 (
17... f6) 18. Rxd4 Qe5 19. Rxd8+ Rxd8 20. Qxa7 $11) 16... Qe6 (16... Qf4) 17.
Rad1 $2 (17. Ng5) 17... f6 18. Qc4 Rd5 19. Nc3 fxe5 (19... Rxe5) 20. dxe5 (20.
Nxd5 cxd5) 20... Rxe5 21. Qh4 Ba6 22. Rd8+ Rxd8 23. Qxd8+ Kf7 24. g3 Bxf1 25.
Kxf1 Qh3+ 0-1